Sports Quiz

Random Sports Quiz

Kentucky Derby Hodge Podge Quiz Stats

 Plays Quiz not verified by Sporcle

Challenge
Share
Tweet
Embed
Score 0/39 Timer 09:00
0 Plays Today
Answer % Correct
Louisville, KY
94.3%
Churchill Downs
90.5%
Mint Julep
81.6%
Secretariat (1973)
78.5%
My Old Kentucky Home
67.7%
1 1/4 Miles
65.8%
Kentucky Oaks
65.8%
The Run For The Roses
62%
Monarchos (2001)
58.2%
Bob Baffert
54.4%
Sham (1973)
53.8%
Barbaro (2006)
51.3%
Mine That Bird (2009)
48.1%
Eddie Arcaro
43%
Bill Shoemaker
43%
1 1/2 Miles
41.8%
Gary Stevens
40.5%
Calvin Borel
38.6%
Northern Dancer (1964)
38%
Woodford Reserve
38%
Answer % Correct
D. Wayne Lukas
35.4%
Whirlaway (1941)
34.8%
Dancer's Image
34.8%
Spend A Buck (1985)
32.3%
Assault (1946)
28.5%
Kent Desormeaux
25.3%
University of Louisville Marching Band
25.3%
Bill Hartack
24.7%
126|121
24.1%
Ben A. Jones
21.5%
Decidedly (1962)
18.4%
Old Rosebud (1914)
17.7%
Angel Cordero Jr.
16.5%
Johnstown (1939)
13.3%
Isaac Murphy
13.3%
Earl Sande
7%
Max Hirsch
3.2%
Herbert J. Thompson
3.2%
Victor Espinoza
0%

You're not logged in!

Compare scores with friends on all Sporcle quizzes.
OR
Log In

You Might Also Like...

Show Comments

Extras

Top Quizzes Today


Score Distribution

Your Account Isn't Verified!

In order to create a playlist on Sporcle, you need to verify the email address you used during registration. Go to your Sporcle Settings to finish the process.

Report this User

Report this user for behavior that violates our Community Guidelines.

Details: